[Event "Høstturneringen 2018"]
[Site "Ås, Akershus NOR"]
[Date "2018.10.11"]
[Round "5"]
[White "Simonsen, Steinar"]
[Black "Lange, Magnus Øyvind"]
[Result "1-0"]
[WhiteElo "1547"]
[BlackElo "1367"]
[PlyCount "33"]

1. e4 e5 2. Nc3 Nf6 3. Nf3 Nc6 4. d4 exd4 5. Nxd4 Bb4 6. Nxc6 bxc6 7. Bd2 O-O
8. Bd3 Re8 9. Qf3 d5 10. O-O dxe4 11. Nxe4 Nxe4 12. Bxb4 Qd5 13. Bxe4 Rxe4 14.
Rad1 Qe5 15. Rd8+ Qe8 16. Rxe8+ Rxe8 17. Qxc6 1-0

[Event "Høstturneringen 2018"]
[Site "Ås, Akershus NOR"]
[Date "2018.10.11"]
[Round "5"]
[White "Samset, Jon"]
[Black "Heien, Aksel"]
[Result "1-0"]
[WhiteElo "1404"]
[BlackElo "1276"]
[PlyCount "91"]
[EventDate "2018.08.30"]

1. e4 c5 2. Bb5 a6 3. Bc4 e6 4. Nf3 b5 5. Be2 Nc6 6. O-O Bb7 7. d3 Qc7 8. Bg5
h6 9. Bh4 e5 10. Nc3 g5 11. Nd5 Qd8 12. Bg3 Bg7 13. c4 Nge7 14. Nxe7 Qxe7 15.
Qb3 g4 16. cxb5 axb5 17. Nd2 Nd4 18. Qd1 h5 19. f4 h4 20. Bf2 O-O-O 21. Bxg4
Rdg8 22. Bxd4 cxd4 23. Rc1+ Kd8 24. f5 Qg5 25. h3 f6 26. Rf3 Bh6 27. Nb3 d6 28.
Qc2 Rh7 29. Kh1 Rgg7 30. Rff1 Rc7 31. Qd1 Rxc1 32. Nxc1 Rc7 33. Nb3 d5 34. Na5
Ba8 35. Qb3 Rc1 36. Bd1 Qg3 37. Qxb5 Rc8 38. Qb6+ Rc7 39. Qxf6+ Kc8 40. Qh8+
Kd7 41. Ba4+ Ke7 42. f6+ Ke6 43. Qxh6 Rf7 44. Qh8 Kd6 45. Qd8+ Ke6 46. Qe8+ 1-0

[Event "Høstturneringen 2018"]
[Site "Ås, Akershus NOR"]
[Date "2018.10.25"]
[Round "6"]
[White "Bø, Martin"]
[Black "Kvam, Audun"]
[Result "0-1"]
[WhiteElo "1698"]
[BlackElo "2026"]
[Annotator "Kvam, Audun"]
[PlyCount "80"]
[EventDate "2018.08.30"]

1. d4 d5 2. c4 e6 3. g3 Nf6 4. Nf3 Be7 5. Bg2
O-O 6. O-O dxc4 7. Ne5 Nc6 8. Bxc6 bxc6 9. Nxc6 Qe8 10. Nxe7+ Qxe7 11. Qa4 {
Standard teori hittil. Jeg var usikker på videre teori, men svart må være klar
til å ofre en bonde mot aktivitet i denne varianten.} c5 12. Qxc4 cxd4 13. Qxd4
Rd8 {En annen mulighet er e5.} 14. Qh4 Ba6 15. Nc3 (15. Re1 $2 Bxe2 16. Rxe2
Rd1+ 17. Kg2 Rxc1 {Med fordel svart}) 15... Rab8 16. Ne4 Rd4 17. Nxf6+ (17. Bg5
{Er bedre. Jeg hadde satset på} Rxe4 18. Qxe4 Nxe4 19. Bxe7 Bxe2 {Men hvit
står bedre +1,8}) 17... Qxf6 18. Qxf6 {Remistilbud.} gxf6 19. b3 Bxe2 20. Re1
Bf3 21. Be3 Rd7 22. Rac1 Kg7 23. h4 Kg6 24. Rc3 Ba8 25. Rcc1 Rbd8 26. Rc3 e5
27. Kh2 f5 28. Kg1 f6 29. Kf1 Kh5 30. Rc5 Bf3 31. Rc4 $2 {Taper partiet. Tc3
er bedre} f4 $1 32. gxf4 Rg7 (32... e4 {Er bedre}) 33. fxe5 $2 (33. Rec1 Rdg8
34. Ke1 Rd7) 33... Rdg8 34. Bg5 fxg5 35. Re3 g4 36. e6 Rd8 37. Kg1 Re7 (37...
Rd1+ 38. Kh2 g3+ 39. fxg3 Rh1#) 38. Kh2 Rd6 39. Rc7 Rxc7 40. e7 Bc6 {Oppgitt}
0-1

[Event "Høstturneringen 2018"]
[Site "Ås, Akershus NOR"]
[Date "2018.10.18"]
[Round "6"]
[White "Moberg, Jan Rune"]
[Black "Rønbeck, Bjørn"]
[Result "1-0"]
[WhiteElo "1643"]
[BlackElo "1500"]
[PlyCount "69"]
[EventDate "2018.08.30"]

1. d4 d5 2. c4 e6 3. Nf3 Nf6 4. g3 Be7 5. Bg2 Nbd7 6. O-O O-O 7. Qc2 b6 8. a4
Ba6 9. b3 c6 10. Nbd2 Bb4 11. e4 dxe4 12. Nxe4 Rc8 13. Bg5 Be7 14. Be3 Nd5 15.
Neg5 N5f6 16. Ne5 Bb7 17. Bh3 h6 18. Ngxf7 Rxf7 19. Bxe6 Nxe5 20. dxe5 Nd7 21.
Qf5 Nxe5 22. Qxe5 Bf6 23. Qf5 Qe7 24. Bxf7+ Qxf7 25. Rad1 Re8 26. Rd7 Re7 27.
Rxe7 Qxe7 28. Rd1 Qe8 29. Qd7 Qa8 30. Qe6+ Kh7 31. Qf5+ Kg8 32. Qg6 c5 33. Rd7
Be4 34. Qf7+ Kh7 35. Qxf6 1-0

[Event "Høstturneringen 2018"]
[Site "Ås, Akershus NOR"]
[Date "2018.10.18"]
[Round "6"]
[White "Aamodt, Peder Marcus"]
[Black "Furnes, Torstein"]
[Result "0-1"]
[WhiteElo "1369"]
[BlackElo "1787"]
[Annotator "Lea, Per"]
[PlyCount "116"]
[EventDate "2018.08.30"]

1. e4 c5 2. Nf3 Nc6 3. Nc3 d6 4. Bb5 Bd7 5. O-O Nf6 6. Re1 e5 7. d3 Be7 8. a4
O-O 9. Bg5 Rc8 10. h3 Nd4 11. Bxf6 Bxf6 12. Bxd7 Qxd7 13. Nd5 Be7 14. c4 f5 15.
Nxd4 cxd4 16. exf5 Rxf5 17. Qg4 Rcf8 18. f4 Qd8 19. fxe5 dxe5 20. Rf1 Rxf1+ 21.
Rxf1 Rxf1+ 22. Kxf1 Qf8+ 23. Ke2 Qf7 24. Qd7 (24. Nxe7+ Qxe7 25. Kf3) 24... Bf8
25. Qxf7+ Kxf7 26. Kf3 (26. b4) 26... Ke6 27. g4 Bd6 28. h4 h6 29. b4 g6 30.
Ke4 b6 31. b5 Bf8 32. Nc7+ Kd7 33. Nd5 Ke6 34. g5 hxg5 35. hxg5 Bd6 36. Nf6 Be7
37. Ng4 Bd6 38. Nf2 Be7 39. Nh3 $11 (39. Ng4) 39... Bd8 40. Kf3 $2 Kf5 41. Nf2
Bxg5 42. Ne4 Be7 43. a5 bxa5 44. c5 a4 45. c6 Bd8 46. Nd6+ Ke6 47. Nc4 Kd5 48.
Na3 g5 49. Kg4 e4 50. dxe4+ Kxe4 51. Nc4 d3 52. Nd6+ Kd4 53. Kf3 a3 54. b6 Bxb6
55. Nb5+ Kc5 56. Nxa3 Kxc6 57. Nc4 Kd5 58. Ne3+ Bxe3 0-1

[Event "Høstturneringen 2018"]
[Site "Ås, Akershus NOR"]
[Date "2018.10.18"]
[Round "6"]
[White "Kielland-Lund, Jon"]
[Black "Thowsen, Alf Geir"]
[Result "1-0"]
[WhiteElo "1684"]
[BlackElo "1409"]
[PlyCount "165"]
[EventDate "2018.08.30"]

1. c4 e5 2. Nc3 Nf6 3. Nf3 d6 4. d4 Nbd7 5. e3 Be7 6. Be2 O-O 7. O-O b6 8. d5
Bb7 9. e4 Nc5 10. Nd2 c6 11. dxc6 Bxc6 12. f3 Qd7 13. b3 Rac8 14. Bb2 Ne6 15.
Nd5 Rfd8 16. Re1 Bb7 17. Nxe7+ Qxe7 18. Nf1 Nf4 19. Ne3 Rc7 20. Bf1 g6 21. g3
Ne6 22. Qe2 Rdc8 23. Red1 Nd7 24. Nd5 Bxd5 25. Rxd5 Rc6 26. Rad1 Nf6 27. R5d2
Nd7 28. Bh3 Ndc5 29. Rd5 h5 30. Qe3 Rd8 31. Kf2 Nc7 32. R5d2 N7e6 33. Qh6 Qg5
34. Qxg5 Nxg5 35. Bg2 f6 36. h4 Nge6 37. Bh3 Kf7 38. Ke3 Ke7 39. f4 Nd7 40. f5
gxf5 41. Bxf5 Ng7 42. Bh3 Nc5 43. Rg1 Rf8 44. Rf2 Rc7 45. Bf5 Nce6 46. Bg6 Rh8
47. Rgf1 Rf8 48. Bc1 Nc5 49. Ke2 Nd7 50. Bh6 Rg8 51. Bh7 Rh8 52. Bxg7 Rxh7 53.
Bxf6+ Ke6 54. Bg5 Nc5 55. Rf6+ Kd7 56. Ke3 Kc6 57. Rd1 Rcd7 58. b4 Nb7 59. Rdf1
b5 60. c5 Kc7 61. cxd6+ Nxd6 62. Rc1+ Nc4+ 63. Kf2 Rhf7 64. Rxf7 Rxf7+ 65. Ke2
a6 66. Rf1 Rxf1 67. Kxf1 Nd6 68. Bf6 Nc4 69. Ke2 Kd6 70. Bg5 Ke6 71. Kf3 Kf7
72. g4 Kg6 73. gxh5+ Kxh5 74. Ke2 Kg6 75. Kd3 Kh5 76. Kc3 Kg6 77. a4 Kh5 78.
axb5 axb5 79. Kd3 Kg4 80. Bf6 Kf4 81. h5 Nd6 82. h6 Nf7 83. h7 1-0

[Event "Høstturneringen 2018"]
[Site "Ås, Akershus NOR"]
[Date "2018.11.01"]
[Round "7"]
[White "Kvam, Audun"]
[Black "Furnes, Torstein"]
[Result "1-0"]
[WhiteElo "2026"]
[BlackElo "1787"]
[Annotator "Furnes, Torstein"]
[PlyCount "91"]
[EventDate "2018.08.30"]

1. e4 c5 2. Nf3 Nc6 3. d4 cxd4 4. Nxd4 e5 5. Nb5 d6 6. c4 Be7 7. N1c3 a6 8. Na3
Be6 9. Nc2 Nf6 10. Bg5 ({Hos ChessBase er det vanligste trekket nå} 10. Be2 {
som blant annet er spilt av Kramnik-Radjabov i 2009.}) 10... O-O ({Fritz
anbefaler} 10... Nxe4 $1 11. Nxe4 (11. Bxe7 Nxc3 12. Bxd8 Nxd1 13. Rxd1 Rxd8)
11... Bxg5 12. Nxd6+ Kf8 $17) 11. Bxf6 Bxf6 12. h4 Rc8 (12... Bxh4 $4 13. Qh5)
13. Ne3 Nd4 14. Rc1 Qa5 15. Qd2 b5 16. b3 Rc6 17. Ncd5 Qd8 18. Nxf6+ Qxf6 19.
Nd5 Bxd5 20. exd5 Rcc8 21. Qg5 Qxg5 22. hxg5 f5 {Fritz 11 har i en del trekk
gitt svart en liten fordel, men nå vurderer Fritz stillingen som jevn.} 23. Kd2
f4 24. Bd3 g6 25. Rh3 Kg7 26. Be4 Rc7 27. Rch1 Rh8 28. Kd3 Rcc8 29. Rh6 Rb8 30.
Kc3 b4+ 31. Kd3 a5 32. c5 dxc5 33. Kc4 Rbc8 $6 $16 (33... Nb5 $15) 34. d6 Nf5
$4 $18 {Nå får hvit vinnende fordel.} 35. Bxf5 gxf5 36. Kd5 (36. g6 Rhd8 (36...
hxg6 $4 37. Rxh8 Rxh8 38. Rxh8 Kxh8 39. d7) 37. gxh7 Kh8 38. R1h5 $18) 36... e4
37. d7 (37. g6) 37... Rcd8 38. Ke6 e3 39. Re1 exf2 40. Rf1 Ra8 41. Rxf2 a4 42.
Rxf4 axb3 43. axb3 Ra1 44. Rxf5 (44. Rxh7+ $1 Kxh7 (44... Rxh7 45. d8=Q) 45.
Rh4+ Kg7 46. Rxh8) 44... Re1+ 45. Kd6 Rd1+ 46. Kc7 {Etter dette trekket faller
hvitfordelen fra +7 til +0.3 ! Men svarts klokke har bare sekunder igjen og
svart gir opp.} ({Svarts redning kunne blitt} 46. Kc7 Ra8 $1 47. Rxc5 (47. Kb7
Rd8) 47... Ra7+ 48. Kb6 Raxd7) 1-0

[Event "Høstturneringen 2018"]
[Site "Ås, Akershus NOR"]
[Date "2018.11.01"]
[Round "7"]
[White "Kielland-Lund, Jon"]
[Black "Simonsen, Steinar"]
[Result "1-0"]
[WhiteElo "1684"]
[BlackElo "1547"]
[PlyCount "57"]
[EventDate "2018.08.30"]

1. c4 e5 2. Nc3 Nf6 3. Nf3 Nc6 4. g3 Bb4 5. Bg2 Bxc3 6. bxc3 O-O 7. O-O d6 8.
d3 h6 9. e4 Bg4 10. Qa4 Qd7 11. Re1 Ne7 12. Qxd7 Bxd7 13. Rb1 b6 14. Ba3 c5 15.
d4 Bc6 16. dxe5 Nxe4 17. exd6 Nf5 18. Ne5 Nfxd6 19. Nxc6 Rfe8 20. Bb2 Re6 21.
Bh3 f5 22. f3 Ng5 23. Rxe6 Nxe6 24. Ne5 Ng5 25. Bg2 Re8 26. f4 Ngf7 27. Bd5 Kf8
28. Re1 Ne4 29. Nxf7 1-0

[Event "Høstturneringen 2018"]
[Site "Ås, Akershus NOR"]
[Date "2018.11.01"]
[Round "7"]
[White "Rønbeck, Bjørn"]
[Black "Olsen, Trygve"]
[Result "1-0"]
[WhiteElo "1500"]
[BlackElo "1542"]
[Annotator "Lea, Per"]
[PlyCount "57"]
[EventDate "2018.08.30"]

1. e4 c5 2. Nf3 Nc6 3. d4 cxd4 4. Nxd4 e5 5. Nb5 d6 6. N1c3 a6 7. Na3 Nf6 8.
Bg5 Be7 9. Nc4 b5 10. Bxf6 gxf6 11. Ne3 Nd4 12. Ncd5 Bf8 13. c3 Nc6 14. Qf3 Bg7
15. Qg3 O-O 16. Be2 Kh8 {En refleksreaksjon, men det var ingen umiddelbar
trussel fra hvits side} (16... Be6 {kunne vært forsøkt, men hvis står
allikevel klart best}) 17. Bg4 Ne7 18. Bxc8 Rxc8 (18... Nxd5 19. Nf5 Rg8 20.
Bb7 Ne7 21. Bxa8 Nxf5 22. exf5 Qxa8 23. Qf3 {er også håpløst for svart}) 19.
Nxe7 Rc7 (19... Qxe7 20. Nf5) 20. N3f5 Rg8 21. Nxg8 Qxg8 22. Qxg7+ Qxg7 23.
Nxg7 Kxg7 24. Rd1 Rc6 25. Ke2 Kf8 26. Rd3 Ke7 27. Rh3 b4 28. Rc1 a5 29. Rxh7
1-0

[Event "Høstturneringen 2018"]
[Site "Ås, Akershus NOR"]
[Date "2018.11.01"]
[Round "7"]
[White "Lange, Magnus Øyvind"]
[Black "Heien, Aksel"]
[Result "1-0"]
[WhiteElo "1367"]
[BlackElo "1276"]
[PlyCount "63"]
[EventDate "2018.08.30"]

1. e4 e5 2. Nf3 Nc6 3. Bc4 Nf6 4. Nc3 Bc5 5. O-O d6 6. h3 Qe7 7. d3 h6 8. a3 a5
9. Bb5 Bd7 10. Re1 Nd4 11. Nxd4 Bxd4 12. Bxd7+ Qxd7 13. Ne2 O-O-O 14. c3 Ba7
15. b4 Bb6 16. Rb1 c6 17. bxa5 Bxa5 18. Qa4 Qc7 19. Be3 Kd7 20. Qb3 Kc8 21.
Rec1 Rd7 22. f3 g5 23. d4 Kd8 24. Ng3 Ne8 25. Nf5 Kc8 26. Qa4 b5 27. Qb3 Bb6
28. a4 exd4 29. cxd4 c5 30. Qxb5 Ba7 31. dxc5 Qb8 32. cxd6+ 1-0

[Event "Høstturneringen 2018"]
[Site "Ås, Akershus NOR"]
[Date "2018.11.01"]
[Round "7"]
[White "Thowsen, Alf Geir"]
[Black "Skaret, Runar"]
[Result "0-1"]
[WhiteElo "1409"]
[BlackElo "1434"]
[Annotator "Skaret, Runar"]
[PlyCount "66"]
[EventDate "2018.08.30"]

1. d4 {Vurdert av Runar & Stockfish@25} d5 2. c4 {+0,2} dxc4 {+0,6} 3. Nc3 {-0,
1} Nf6 4. e3 e5 {+0,3} 5. dxe5 {-0,4} Qxd1+ 6. Nxd1 Bb4+ 7. Nc3 {-0,8} Ne4 8.
a3 {-1,4} Bxc3+ 9. bxc3 {Stockfish ønsker nå (og ved flere senere anledninger)
Be6, -1,4} b5 {0,0} 10. Bb2 {a4 er Stockfish' favoritt uten at jeg klarer å se
hvorfor det er så himla bra -1,8} O-O {Bedre er Nc5 for å stoppe a4, -0,6} 11.
Nf3 {-1,8} Nc6 {Nc5 hadde vært bedre, -0,4} 12. a4 {Nå kom a4, og det er
forståelig nå som jeg har blokkert c-bonden fra å forsvare b-bonden -0,5} Rb8 {
b4 er bedre, +0,1} 13. axb5 Rxb5 14. Ra2 {-1,8} (14. Ba3 Rd8 15. Bxc4 Rb6 {
Hvit er en bonde over men c3-bonden er vanskelig å forsvare, +0,0}) 14... Ra5 {
+0,0} (14... Be6 15. Nd4 Nxd4 16. cxd4 {Jeg trodde denne variasjonen ville
tape a7-bonden, men} Rfb8 17. Bc1 Rb1 {...denne fotsettelsen tenkte jeg ikke
på, -2,6} 18. Rc2 c3 19. Bd3 Bb3 20. Ke2) 15. Rxa5 {Bxc4 hadde tatt en bonde
og forsvart tårnet, -0,4} Nxa5 {Ba3 og senere Bb4 hadde løst hvits problemer}
16. Be2 {-1,9} Be6 17. O-O Rb8 18. Rd1 {Jeg må passe meg for backrank} c6 {Nc6
eller g6 hadde vært bedre, -0,4} 19. Ba1 {-1,0} Nb3 {-0,5} 20. Rb1 {-1,9} Rd8 {
Jeg så syner og trodde det var farlig å bli stående, 0,0} 21. Nd4 Bd5 {Jeg
trodde jeg var smart, men nå har jeg gitt hvit motspill med f og e-bøndene, +0,
8} 22. f3 Ned2 23. Rd1 Nxa1 {+1,9} 24. Rxa1 Rd7 25. e4 Nb3 {c5 hadde vært
bedre. Alf spiller bra i en komplisert stilling, +4,3} 26. Rd1 {Men nå får jeg
motspill, +2,1} Nxd4 27. Rxd4 {+1,5} Be6 28. Rxd7 Bxd7 29. Bxc4 {+1,1} a5 {Jeg
gasser på med fribonden min} 30. f4 {Kf2 var bedre, Kampen har snudd, -2,6} g6
{..Be6 var bedre, og det har snudd igjen +1,9} 31. Bd3 {Kf2 hadde vært bedre,
-0,6} a4 32. g4 a3 {Bb1 er det eneste som kan redde hvit} 33. f5 a2 0-1

[Event "Høstturneringen 2018"]
[Site "Ås, Akershus NOR"]
[Date "2018.11.08"]
[Round "8"]
[White "Samset, Jon"]
[Black "Kvam, Audun"]
[Result "0-1"]
[WhiteElo "1404"]
[BlackElo "2026"]
[PlyCount "72"]
[EventDate "2018.08.30"]

1. c4 e6 2. e4 d5 3. e5 d4 4. d3 c5 5. Nf3 Nc6 6. Bg5 Be7 7. Bxe7 Ngxe7 8. a3
Qc7 9. Qe2 Ng6 10. Nbd2 Ngxe5 11. Nxe5 Nxe5 12. g3 h5 13. h4 Bd7 14. Bh3 Bc6
15. O-O g5 16. hxg5 h4 17. g4 Ng6 18. Ne4 O-O-O 19. Rae1 Nf4 20. Qf3 Rdg8 21.
g6 Rxg6 22. Kh1 b6 23. Rg1 Rhg8 24. b3 Qe5 25. b4 Kc7 26. bxc5 bxc5 {Hvit
kommer i trekktvang.} 27. Rb1 Nxd3 28. Qxf7+ Kc8 29. f3 R6g7 30. Qh5 Bxe4 31.
Qxe5 Bxf3+ 32. Bg2 Nf2+ 33. Kh2 Nxg4+ 34. Kh3 Nf2+ 35. Kxh4 Rh8+ 36. Qh5 Rg4#
0-1

[Event "Høstturneringen 2018"]
[Site "Ås, Akershus NOR"]
[Date "2018.11.08"]
[Round "8"]
[White "Rønbeck, Bjørn"]
[Black "Bø, Martin"]
[Result "0-1"]
[WhiteElo "1500"]
[BlackElo "1698"]
[Annotator "Bø, Martin"]
[PlyCount "100"]
[EventDate "2018.08.30"]

1. e4 c5 2. Nf3 d6 3. Bb5+ Bd7 4. Bxd7+ Nxd7 5. O-O g6 6. c3 Bg7 7. d4 Ngf6 $6
8. Re1 (8. e5 dxe5 9. dxe5 Ng4 10. e6 fxe6 11. Ng5 Nde5 12. Nxe6 Qxd1 13. Rxd1
Kf7 14. Ng5+ Kg8 15. h3 Nf6 {Og hvit står bedre}) 8... O-O 9. Bg5 h6 10. Bh4
Rc8 11. a4 Qb6 12. Re2 e6 13. Ra3 $6 {Og her står tårnet resten av partiet, og
hvit spiller i praksis med en tung offiser under} Nh5 (13... g5 $1 14. Bg3 d5
15. e5 (15. exd5 Nxd5) 15... Ne4 16. h3 cxd4 17. cxd4 Rc4 18. a5 Qc7 19. Kh2
Rc8 {Sort står bedre}) 14. Qd2 $6 Rfe8 {Begge trekkene under setter stort
press på hvit} (14... g5 15. Bg3 g4 16. Ne1 Nxg3 17. hxg3 cxd4 18. cxd4 Qxd4
19. Nd3 $18) (14... cxd4 15. Nxd4 Bxd4 16. cxd4 Qxd4 17. Nc3 (17. Qxd4 $4 Rc1+)
17... Qxd2 18. Rxd2 $14) 15. g4 $5 {Aggresivt og spennende trekk, men det vil
vise seg at kongestillingen til hvit blir svakere enn sort} Nhf6 16. g5 hxg5
17. Bxg5 Qc6 (17... d5 18. e5 Ne4 19. Qd1 Nxg5 20. Nxg5 Bh6 21. f4 {Og sort
står bedre da hvit sine brikker er veldig lite koordinerte}) 18. Qd3 c4 19. Qc2
Nh5 20. Nbd2 e5 21. d5 Qc7 22. Kh1 Nf4 23. Re3 Nf6 24. Bxf4 exf4 {Sort har
tatt initiativet og hvit må spille veldig nøyaktig for ikke å tape} 25. Re1 Ng4
26. Kg2 Qd7 (26... Qc5 27. Rf1 Qxf2+ $3 28. Rxf2 Ne3+ 29. Kg1 Nxc2 30. Ra2 $18)
27. Rg1 Ne5 28. Kf1 $4 {Sorts fordel går i fra -0,5 til -5} (28. Nxe5 Bxe5)
28... Qh3+ 29. Ke2 Nxf3 (29... Nd3 $3 30. Kd1 Rxe4 31. Nxe4 Qxf3+ 32. Qe2 Qxe4
33. Qxe4 Nxf2+ 34. Ke2 Nxe4 $18) 30. Nxf3 Re7 31. Ng5 Qh5+ 32. Nf3 Qxd5 {Enda
sterkere er} (32... Rce8 33. Qd1 Rxe4+ 34. Kd2 Re2+ 35. Qxe2 Qxd5+ 36. Nd4
Rxe2+ 37. Kxe2 f3+ 38. Nxf3 Qd3+ 39. Ke1 Qxf3 (39... Qb1+ 40. Ke2 Qxb2+ 41. Kf1
Qxa3)) 33. Nd2 Qh5+ 34. Kf1 Qh3+ 35. Ke1 Qxh2 36. Rf1 Qh5 (36... d5 37. Kd1
dxe4 38. Nxe4 Qg2 $18) 37. f3 d5 38. Kd1 dxe4 39. Nxe4 Rd8+ 40. Kc1 Qh3 41. Qf2
Qe6 42. Kb1 Red7 43. Qh4 (43. Nc5 Qf5+) 43... Rd1+ 44. Rxd1 Rxd1+ 45. Ka2 (45.
Kc2 Qd5 {[%emt 0:00:03] med matt i}) 45... Qf5 46. Qf2 Qd5 47. a5 Qd3 48. Nd2 (
48. Ra4 Qb1+ 49. Ka3 Bf8+ 50. Nc5 Bxc5+ 51. Qxc5 Qa1+ 52. Kb4 Qxb2+ 53. Kxc4
Qe2+ 54. Kb3 Rb1+ 55. Ka3 Qb2#) 48... Rxd2 49. Qxa7 Bf8 50. Qxb7 Rd1 0-1

[Event "Høstturneringen 2018"]
[Site "Ås, Akershus NOR"]
[Date "2018.11.08"]
[Round "8"]
[White "Furnes, Torstein"]
[Black "Kielland-Lund, Jon"]
[Result "1-0"]
[WhiteElo "1787"]
[BlackElo "1684"]
[Annotator "Furnes, Torstein"]
[PlyCount "74"]
[EventDate "2018.08.30"]

1. d4 d5 2. c4 c6 3. cxd5 cxd5 4. Bf4 Nc6 5. e3 Nf6 6. Nc3 Bf5 7. Qb3 Na5 8.
Qa4+ Bd7 9. Qc2 Rc8 10. Bd3 b5 11. a3 e6 12. Nf3 Be7 13. O-O Nh5 {Hos
ChessBase fortsetter de fleste partiene med 13.-0-0 eller 13.-Sc4.} 14. Be5 ({
Førstevalget til Fritz er} 14. Bxh7 Nxf4 15. exf4 g6 16. Bxg6 fxg6 17. Qxg6+
Kf8 18. Ne5 Qe8 19. Rae1) 14... f6 15. Bxh7 fxe5 (15... Kf8 16. Nh4 Be8 17. Bg3
f5 18. Ng6+ Bxg6 19. Bxg6 Nf6 {ble spilt i partiet Georgiev (2613) - Tuna 
(2105).}) 16. Nxe5 Kf8 17. Ng6+ Kf7 18. Nxh8+ Qxh8 19. Qg6+ Kf8 20. Qxh5 Bf6
21. Bg6 Qg8 22. Rac1 Nc4 23. Nxb5 $4 {Overser at tårnet selvsagt blir gardert
når svart trekker springeren bakover i neste trekk.} ({Fritz anbefaler} 23. e4
$1 dxe4 {og nå fungerer slaget på b5 fordi det forrige trekket åpnet opp
5-linjen slik at dronningen garderer b5.} 24. Nxb5 $1 Ke7 (24... Bxb5 $2 25.
Qxb5) 25. Nxa7) 23... Bxb5 24. b3 Nd6 25. Rxc8+ Nxc8 26. Rc1 Bd7 27. Rc7 ({
Fritz vil spille} 27. e4 $1 Ne7 (27... Bxd4 $2 28. e5 Bb6 29. Rc3 Ne7 30. Rf3+
Nf5 31. g4) (27... dxe4 $4 28. Rxc8+ $1 Bxc8 29. Qc5+ Be7 30. Qxc8+ Bd8 31.
Qxd8#) 28. Rc7 Nxg6 29. Rxd7 Nf4 30. Qg4 g5 31. g3) 27... Ke7 28. Qe2 Qd8 29.
Qc2 Kf8 30. b4 Be7 31. Bh5 Bf6 32. Qg6 Qe7 33. Qh7 ({Bedre er} 33. g4 Kg8 34.
f4) 33... Qd8 34. Rb7 Ke7 35. Qg6 Qf8 36. Qc2 Nd6 37. Rxa7 Nb5 ({En avslutning
kunne blitt} 37... Nb5 38. Qc5+ Nd6 39. Ra6 Qb8 40. Rb6) 1-0